00842nam a2200241Ia 450000100060000000300090000600800410001504000130005604000130006904100130008210000110009510000290010624500210013524500210015625000110017726000110018826000240019926000490022330000570027250002120032965000280054165000310056999321IT-RoPAU130308s9999 xx 000 0 und d aIT-RoPAU cIT-RoPAU aITALIANO aAA.VV. gCodice Aut. SPICS: 12000 aTopolino N. 1866 bTopolino N. 1866 a1a ed. aMILANO bWalt Disney Company c1991 [1° Ed.:1991 - Ed.Ling.Originale:1991] a"196 p. (prefazione: no ; testo: 196 [pagine: 0-0])" aVari Episodi di topolino con testo e Disegno di Autori Vari. Paperino e Lagiornata Particolare. Pippo e L'Eredità€ Galleggiante. topolino e L'Oroscopo di Pippo. Zio Paperone e Il fantasma dei piedi Gialli. aAUTORI/OPERE DI FUMETTO eCodice materia Spics: 6707